| 000 | 00510nam a2200157 4500 | ||
|---|---|---|---|
| 082 | _aBSCS-2 KHA | ||
| 100 | _aABDULLAH KHAN | ||
| 245 | _aAUTOMATION OF RFID BASED ATTENDANCE MANAGEMENT SYSTEM | ||
| 260 |
_aISLAMABAD _bNUST-SEECS _c2016 |
||
| 300 |
_a43p. _eCD INCLUDES |
||
| 563 | _aa | ||
| 856 | _uhttp://10.250.8.41:8080/xmlui/handle/123456789/7929 | ||
| 942 |
_2ddc _cTHE |
||
| 999 |
_c173085 _d173085 |
||